000 00620nam a2200205 i 4500
001 77874
003 ES-MaACL
005 20230906173421.0
007 t|
008 041112s1984 sp ||||1| spa d
020 _a84-01-33225-7
080 _a92(46):32(46)"1975"/.."
100 1 _aBernáldez Montalvo, José María.
_9153063
245 1 0 _a¿Ruptura o reforma? /
_cJosé María Bernáldez.
250 _a1ª ed.
260 _aEsplugues de Llobregat (Barcelona) :
_bPlaza & Janés,
_c1984.
300 _a240 p. ;
_c22 cm.
650 1 4 _aPolíticos-
_zEspaña-
_yS.XX.
_916315
852 _aES-MaACL
_jE-10351
_bR.130870
999 _c77874
_d77874